[Event "Camaguey Province-ch sf"]
[Site "Camaguey"]
[Date "2009.08.18"]
[Round "5"]
[White "Cantillo Barroso, Rafael"]
[Black "Nieves Moros, Ricardo"]
[Result "1-0"]
[WhiteElo "2131"]
[BlackElo "2085"]
[PlyCount "73"]
[EventDate "2009.08.15"]
[EventType "tourn"]
[EventRounds "17"]
[EventCountry "CUB"]
[EventCategory "1"]
[SourceTitle "EXT 2012"]
[Source "ChessBase"]
[SourceDate "2011.11.24"]
[SourceVersion "1"]
[SourceVersionDate "2011.11.24"]
[SourceQuality "1"]

1. e4 c5 2. Nf3 Nc6 3. d4 cxd4 4. Nxd4 Nf6 5. Nc3 e5 6. Ndb5 d6 7. Bg5 a6 8. Na3 b5 9. Bxf6 gxf6 10. Nd5 f5 11. c3 fxe4 12. Bxb5 Bd7 13. Ba4 Bg7 14. Nc4 0-0 15. Ncb6 e3 16. 0-0 exf2+ 17. Rxf2 Ra7 18. Nxd7 Qxd7 19. Nb4 Rc8 20. Nxc6 Rxc6 21. Bxc6 Qxc6 22. Qg4 Qd7 23. Rf5 d5 24. Raf1 d4 25. Qg3 Qd6 26. cxd4 Qxd4+ 27. Kh1 Qxb2 28. Qd3 Qd4 29. Qb3 h6 30. Rxf7 Rxf7 31. Qxf7+ Kh8 32. Qf5 Qd6 33. Rc1 Bf8 34. h3 Kg7 35. Rc8 e4 36. Qg4+ Kf7 37. Rc1 1-0

[Event "Camaguey Province-ch sf"]
[Site "Camaguey"]
[Date "2009.08.16"]
[Round "2"]
[White "Hernandez Fernandez, Ramon Alberto"]
[Black "Cantillo Barroso, Rafael"]
[Result "1-0"]
[WhiteElo "2277"]
[BlackElo "2131"]
[PlyCount "69"]
[EventDate "2009.08.15"]
[EventType "tourn"]
[EventRounds "17"]
[EventCountry "CUB"]
[EventCategory "1"]
[SourceTitle "EXT 2012"]
[Source "ChessBase"]
[SourceDate "2011.11.24"]
[SourceVersion "1"]
[SourceVersionDate "2011.11.24"]
[SourceQuality "1"]

1. e4 c5 2. Nf3 Nc6 3. d4 cxd4 4. Nxd4 Nf6 5. Nc3 e5 6. Ndb5 d6 7. Bg5 a6 8. Na3 b5 9. Nd5 Be7 10. Bxf6 Bxf6 11. c3 Ne7 12. Nxf6+ gxf6 13. c4 Qa5+ 14. Qd2 Qxd2+ 15. Kxd2 b4 16. Nc2 Nc6 17. Be2 Rb8 18. Ne3 Be6 19. Nd5 f5 20. exf5 Bxf5 21. Rac1 0-0 22. g4 Be6 23. Nf6+ Kg7 24. g5 Nd4 25. h4 Rfd8 26. Bd3 d5 27. c5 e4 28. c6 Rb6 29. c7 Rc8 30. Be2 b3 31. a3 Nxe2 32. Kxe2 Rb7 33. Rc5 Rbxc7 34. Rxc7 Rxc7 35. Ne8+ 1-0